ბათუმის შოთა რუსთაველის სახელმწიფო უნივერსიტეტის ბიბლიოთეკა

ბიზნეს პროექტის მომზადება აგრარულ სექტორში : (ბიბ.ჩანაწერი № 36401)

000 -ლიდერი
ფიქსირებული სიგრძის საკონტროლო ველი 01544nam a2200313Ia 4500
001 - საკონტროლო ნომერი
საკონტროლო ველი 2315
003 - საკონტროლო ნომრის იდენტიფიკატორი
საკონტროლო ველი GE_BSU
005 - ბოლო ოპერაციის თარიღი და დრო
საკონტროლო ველი 20190529163406.0
008 - ფიქსირებული სიგრძის მონაცემთა ელემენტები - ზოგადი ინფორმაცია
ფიქსირებული სიგრძის საკონტროლო ველი 181216s2009||||ge |||||||||||||| ||geo||
010 ## - კონგრესის ბიბლიოთეკის საკონტროლო ნომერი
LC საკონტროლო ნომერი 9789941409257
020 ## - წიგნის საერთაშორისო სტანდარტული ნომერი
International Standard Book Number 9789941409257
040 ## - კატალოგიზაციის წყარო
Transcribing agency GE_BSU
041 ## - ენის კოდი
Language code of text/sound track or separate title geo
080 ## - უნივერსალური ათობითი კლასიფიკაციის ინდექსი
Universal Decimal Classification number 631.115.1(035) ბ–66
245 ## - ცნობა სათაურის შესახებ
Title ბიზნეს პროექტის მომზადება აგრარულ სექტორში :
Remainder of title სახელმძღვ. ცნობარი ფერმერთათვის /
Statement of responsibility, etc ავტ.: ს. თურმანიძე, ი. ძირკვაძე, რ. ბერიძე, დ. ძირკვაძე ; რედ. ო. შაინიძე.
264 ## - წარმოების, გამოცემის, დისტრიბუციის და სხვა ცნობები
გამოცემის, წარმოების, დისტრიბუციის... ადგილი ბათუმი :
გამოცემის, წარმოების, დისტრიბუციის... სახელწოდება შოთა რუსთაველის სახელმწ. უნ-ტი,
გამოცემის, წარმოების, დისტრიბუციის... თარიღი 2009.
300 ## - ფიზიკური აღწერა
Extent 5გვ.:
Other physical details ცხრ. ;
Dimensions 20 სმ.
504 ## - BIBLIOGRAPHY, ETC. NOTE
Bibliography, etc ბიბლიოგრ.: გვ. 51.
653 ## - INDEX TERM--UNCONTROLLED
Uncontrolled term ფერმერული მეურნეობები
653 ## - INDEX TERM--UNCONTROLLED
Uncontrolled term ბიზნეს გეგმა
653 ## - INDEX TERM--UNCONTROLLED
Uncontrolled term ცნობარები
700 ## - ADDED ENTRY--PERSONAL NAME
Personal name თურმანიძე, ს.
Relator term ავტორი
9 (RLIN) 1807
700 ## - ADDED ENTRY--PERSONAL NAME
Personal name ძირკვაძე, ი.
Relator term ავტორი
9 (RLIN) 1806
700 ## - ADDED ENTRY--PERSONAL NAME
Personal name ბერიძე, რ.
Relator term ავტორი
9 (RLIN) 1808
700 ## - ADDED ENTRY--PERSONAL NAME
Personal name ძირკვაძე, დ.
Relator term ავტორი
9 (RLIN) 1809
700 ## - ADDED ENTRY--PERSONAL NAME
Personal name შაინიძე, ო.
Relator term რედაქტორი
9 (RLIN) 1798
942 ## - ADDED ENTRY ELEMENTS (KOHA)
Koha item type წიგნი
Source of classification or shelving scheme
ეგზემპლარები
ჩამოწერის სტატუსი დაკარგული ეგზემპლარის სტატუსი კლასიფიკაციის წყარო ან თაროზე გაწყობის სქემა დაზიანების სტატუსი არ გაიცემა მუდმივი მდებარეობა (დაცვის ადგილი) ამჟამინდელი ადგილსამყოფელი თაროზე განთავსების ადგილი შეძენის თარიღი ღირებულება, შესყიდვის ნორმალური ფასი სრული შენახვის შიფრი შტრიხკოდი ბოლო ოპერაციის თარიღი ეგზემპლარის მიმდევრობითი ნომერი (კეტერი?) ფასის ძალაში შესვლის თარიღი ეგზემპლარის სახეობა საჯარო შენიშვნა
          ბათუმის შოთა რუსთაველის სახელმწიფო უნივერსიტეტის მთავარი ბიბლიოთეკა ბათუმის შოთა რუსთაველის სახელმწიფო უნივერსიტეტის მთავარი ბიბლიოთეკა წიგნსაცავი 2018-12-17 2.00 631.115.1(035) ბ–66 4446 2018-12-17 4446 2018-12-17 წიგნი 2 ლ.